000 00620nam a2200241 i 4500
001 C2-0247147
003 PPAK
005 20180727211755.0
008 030326s2001 enk |||| ||||| | eng d
020 _a0747266816
040 _aPPAK
_beng
_cPPAK
_erda
082 0 4 _a823
_223
090 0 0 _a823
_bKOO
_dG
100 1 _aKoonztz, Dean,
_eauthor
245 1 0 _aOne door away from heaven
264 1 _aLondon :
_bHeadline Book ,
_c2001
300 _a760 pages ;
_c18 cm
336 _2rdacontent
_atext
337 _2rdamedia
_aunmediated
338 _2rdacarrier
_avolume
650 1 0 _aEnglish fiction
942 _ddc
_cB
999 _c61033
_d61033